000 00943nam a22002297a 4500
008 090205t xxu||||| |||| 00| 0 eng d
010 _aENG-92880
020 _c75.00
035 _aEN-76413
037 _bDBAD / PUB
040 _adpl
_bEnglish
082 _a881.08
100 _aMuthulakshmi, M.
245 _aA study of the Indian social milieu in the selected poems of Nissim Ezekiel /
_cby M. Muthulakshmi
260 _aChennai
_bThe Parkar
_c2008
270 _a293, Ahamed Complex, 2nd Floor, Royapettah High Road, Royapettah
_bChennai
_e600014
300 _a100p.
_c22cm (pbk)
500 _aIncludes bibliographical references
600 _aEzekiel, Nissim,1924-2004
_xCriticism and interpretation.
942 _2ddc
_cEN
_mMUT
_h881.08
999 _c23062
_d23062